000 01207nam a22003257a 4500
003 EG-ScBUE
005 20211129111728.0
008 090831s2001 ua f 000 p ara d
017 _a2000 / 19482
040 _aEG-ScBUE
_bara
_erda
_cEG-ScBUE
_dEG-ScBUE
041 1 _aara
_hger
082 0 4 _a831.008
_bب ي ف
_222
100 1 _aبيفر، مارسيل،
_eمؤلف.
240 1 0 _aProphezeiungen.
_lArabic
245 1 0 _aتنبؤات /
_cتأليف بيفر، زجراجن ؛ ترجمة يسري خميس.
264 1 _aالقاهرة :
_bالهيئة العامة لقصور الثقافة،
_c2001.
300 _a133 صفحة ؛
_c22 سم
336 _2rdacontent
_aنص
_btxt
337 _2rdamedia
_aبدون وسيط
_bn
338 _2rdacarrier
_aمجلد
_bnc
490 0 _aآفاق عالمية ؛
_v1
546 _aالنص باللغة العربية وتم ترجمته من اللغة الألمانية.
650 7 _98714
_aالشعر الألماني
_vمجموعات.
_2BUEsh
651 _2BUEsh
653 _bGGEN
_cNovember2021
655 _vReading book
_934232
700 1 _aزجراجن، بيت،
_eمؤلف.
700 1 _aخميس، يسري،
_eمترجم.
942 _2ddc
_cBB
999 _c12737
_d12737